000 00497nmm a2200169Ia 4500
008 251105s9999||||xx |||||||||||||||||und||
020 _a9789681661298
041 _aspa
100 _aReyes, Alicia
245 0 _aGenio y figura de Alfonso Reyes
264 _a[México D.C., Mexico] :
_bFondo de Cultura Económica,
_c2015
300 _a307 páginas
490 _aVida y Pensamiento de México
650 _aBiography
856 _uhttps://public.digitaliapublishing.com/a/43712
942 _cCF
999 _c96907
_d96907